000
00298nam a2200133Ia 4500
008
191201s2010 xx 000 0 und d
100
_a
Lipschutz, Seymour
245
0
_a
Data structures
250
_a
Rep
260
_c
2010
_b
TMH
_a
N. delhi
300
_a
MISC
650
_a
MCA
942
_2
ddc
_c
BB
_0
93
999
_c
7408
_d
7408